Spectroscopy in biology and chemistry / (Record no. 127942)

MARC details
000 -LEADER
fixed length control field 00770nam a22002417a 4500
005 - DATE AND TIME OF LATEST TRANSACTION
control field 20170124110032.0
010 ## - LIBRARY OF CONGRESS CONTROL NUMBER
LC control number A-943096
020 ## - INTERNATIONAL STANDARD BOOK NUMBER
Terms of availability 00.00
International Standard Book Number 0121708500
035 ## - SYSTEM CONTROL NUMBER
System control number A-943096
037 ## - SOURCE OF ACQUISITION
Source of stock number/acquisition Cen Lib/Ret
040 ## - CATALOGING SOURCE
Original cataloging agency DPL
Language of cataloging EN
082 ## - DEWEY DECIMAL CLASSIFICATION NUMBER
Classification number 574.028
Item number SPE
245 ## - TITLE STATEMENT
Title Spectroscopy in biology and chemistry /
Statement of responsibility, etc edited by Show-Hsin Chen [and] Sidney Yip
260 ## - PUBLICATION, DISTRIBUTION, ETC. (IMPRINT)
Place of publication, distribution, etc New york
Name of publisher, distributor, etc Academic Press
Date of publication, distribution, etc 1974
270 ## - ADDRESS
Address 111 fifth avenue
City New york
Postal code 10003
300 ## - PHYSICAL DESCRIPTION
Extent xi, 410p.
Dimensions 21cm(Hb)
500 ## - GENERAL NOTE
General note includes bibliographical references and index
650 ## - SUBJECT ADDED ENTRY--TOPICAL TERM
Topical term or geographic name as entry element Spectrum analysis
9 (RLIN) 21981
650 ## - SUBJECT ADDED ENTRY--TOPICAL TERM
Topical term or geographic name as entry element Biology
General subdivision Techniques
9 (RLIN) 21982
700 ## - ADDED ENTRY--PERSONAL NAME
Personal name Chen, Sow-Hsin
9 (RLIN) 21983
700 ## - ADDED ENTRY--PERSONAL NAME
Personal name Yip, Sidney
9 (RLIN) 21984
942 ## - ADDED ENTRY ELEMENTS (KOHA)
Source of classification or shelving scheme Dewey Decimal Classification
Koha item type English Books
Classification part 574.028
Call number suffix SPE
Holdings
Withdrawn status Lost status Damaged status Not for loan Home library Current library Date acquired Source of acquisition Cost, normal purchase price Total Checkouts Full call number Barcode Date last seen Copy number Cost, replacement price Price effective from Koha item type Public note
Written off       Central Library Central Library 01/07/2015 Cen Lib/Ret 0.00   574.028 SPE A-943096 01/07/2015 1 0.00 01/07/2015 English Books Written off on approval by DLB (By Circulation); dtd 15-06-2023

© Delhi Public Library
Hit Counter
free hit counter